| 000 | 00506nam a22001937a 4500 | ||
|---|---|---|---|
| 999 |
_c4623 _d4623 |
||
| 003 | OSt | ||
| 005 | 20181211111525.0 | ||
| 008 | 181211b ||||| |||| 00| 0 eng d | ||
| 020 | _a0892740949 | ||
| 040 | _cDLC | ||
| 082 |
_a248.32 _bH326N |
||
| 100 | _aHayes, Norvel | ||
| 245 |
_aThe Number One Way To Fight The Devil / _cBy Norvel Hayes. |
||
| 260 |
_aOklahoma, USA : _bHarrison House, _cc1978. |
||
| 300 | _a32 p.: | ||
| 630 | _aFight Against Devil | ||
| 650 | _aNo 1 Way To Fight | ||
| 942 |
_2ddc _cBK |
||